[Event "17th Creon Open 2012"]
[Site "Creon FRA"]
[Date "2012.08.01"]
[Round "4.7"]
[White "Garnier,T"]
[Black "Riff,JN"]
[Result "0-1"]
[WhiteElo "2055"]
[BlackElo "2500"]

1.e4 e6 2.d4 d5 3.Nd2 Be7 4.Ngf3 Nf6 5.e5 Nfd7 6.Bd3 c5 7.c3 Nc6 8.O-O g5
9.dxc5 g4 10.Nd4 Ndxe5 11.Bb5 Bd7 12.b4 h5 13.f4 Nxd4 14.Bxd7+ Qxd7 15.cxd4 Nc6
16.a3 a5 17.Bb2 axb4 18.axb4 Rxa1 19.Qxa1 Nxb4 20.Qa8+ Bd8 21.Bc3 Nc2 22.Rb1 O-O
23.Rxb7 Qc6 24.Rb8 Qxa8 25.Rxa8 Bc7 26.Rxf8+ Kxf8 27.g3 Ke8 28.Kf2 Na3 29.Ke3 Kd7
30.Kd3 Kc6 31.Bb4 Nb5 32.Nb1 h4 33.Bd2 h3 34.Nc3 Nxc3 35.Kxc3 f6 36.Kb4 e5
37.dxe5 fxe5 38.f5 Bd8  0-1

[Event "99th ch-GBR 2012"]
[Site "North Shields ENG"]
[Date "2012.08.02"]
[Round "10.12"]
[White "Rudd,J"]
[Black "Walker,Nicholas P"]
[Result "1-0"]
[WhiteElo "2295"]
[BlackElo "2179"]

1.e4 e6 2.d4 d5 3.Nd2 Be7 4.Ngf3 Nf6 5.Bd3 c5 6.e5 Nfd7 7.c4 cxd4 8.cxd5 exd5
9.O-O Nc5 10.Nb3 Bg4 11.Bb5+ Nc6 12.Qxd4 Bxf3 13.Nxc5 Qb6 14.Bxc6+ Qxc6 15.Be3 Qg6
16.g3 Qh5 17.Qa4+ b5 18.Qxb5+ Kf8 19.e6 f6 20.h4 g5 21.Nd7+ Kg7 22.Bd4 Qg4
23.Bxf6+ Bxf6 24.Qb7 Kh6 25.Nxf6 Qh3 26.hxg5+ Kxg5 27.Qg7+ Kf5 28.g4+ Bxg4
29.Nd7 Be2 30.Qf6+ Kg4 31.f3+ Kh5 32.Qg7 Bxf1 33.Nf6+ Kh4 34.Qh6+ Kg3 35.Qg5+ Kxf3
36.Rxf1+  1-0

[Event "FSIMA August 2012"]
[Site "Budapest HUN"]
[Date "2012.08.04"]
[Round "1.1"]
[White "Wu,Christopher"]
[Black "Galyas,M"]
[Result "0-1"]
[WhiteElo "2195"]
[BlackElo "2412"]

1.e4 e6 2.d4 d5 3.Nd2 Be7 4.c3 c5 5.exd5 Qxd5 6.Ngf3 Nf6 7.Bc4 Qd6 8.O-O O-O
9.Qe2 Nc6 10.dxc5 Qxc5 11.Ne4 Nxe4 12.Qxe4 Bd7 13.Be3 Qh5 14.b4 Rfd8 15.Rac1 Bf6
16.Qc2 Rac8 17.Qe2 Ne7 18.Bxa7 b5 19.Bd3 Nd5 20.Nd4 Qxe2 21.Nxe2 Ra8 22.Bd4 Rxa2
23.Bxf6 gxf6 24.Nd4 Nf4 25.Bb1 Rb2 26.g3 Nh3+ 27.Kg2 e5 28.Nf5 Rxb1 29.Nh6+ Kg7
30.Rxb1 Kxh6 31.f4 exf4 32.gxf4 Bf5 33.Rbe1 Kh5 34.Re3 Kh4 35.Re7 Bg4 36.Kh1 Bf3+  0-1

[Event "FSGM August 2012"]
[Site "Budapest HUN"]
[Date "2012.08.04"]
[Round "1.4"]
[White "Liu Dede"]
[Black "Toth,E"]
[Result "1/2-1/2"]
[WhiteElo "2375"]
[BlackElo "2466"]

1.e4 e6 2.d4 d5 3.Nd2 Be7 4.Ngf3 Nf6 5.e5 Nfd7 6.c4 dxc4 7.Bxc4 Nb6 8.Bb3 Bd7
9.O-O Bc6 10.Re1 h6 11.Ne4 Na6 12.a3 Qd7 13.Bc2 Bxe4 14.Rxe4 c6 15.b4 Nc7
16.Bd2 Nbd5 17.Bd3 g5 18.Qb3 Rg8 19.a4 a6 20.Ne1 h5 21.Be2 f5 22.exf6 Nxf6
23.Re3 Ncd5 24.Re5 Bd6 25.Rxg5 Rxg5 26.Bxg5 Ng4 27.Qh3 Qf7 28.Bxg4 hxg4 29.Qxg4 Nxb4
30.Ra3 Qg6 31.Rh3 Kd7 32.Rh6 Qg8 33.h4 Bf8 34.Rf6 Nd5 35.Rf3 Qh7 36.Nd3 Bd6
37.Nc5+ Bxc5 38.dxc5 Re8 39.Qg3 e5 40.Qg4+ Kc7 41.Qf5 Qxf5 42.Rxf5 b5 43.cxb6+ Kxb6
44.h5 c5 45.h6 c4 46.h7 Kc5 47.Rxe5 Rh8 48.Be3+ Kd6 49.Rh5 Nxe3 50.fxe3 c3
51.Kf2 c2 52.Rh1 Rxh7 53.Rc1 Rc7 54.Ke2 Rc4 55.Kd3 Rxa4 56.Rxc2 Rg4 57.Ra2 a5
58.e4 a4 59.Kd4 Ke6 60.Rc2 Rg3 61.Rc6+ Ke7 62.Kd5 Rg5+ 63.e5 Rxg2 64.Rc7+ Kd8
65.Ra7 Rg6 66.Rxa4 Ke7 67.Ra7+ Ke8 68.Ke4 Rc6 69.Kf5 Rb6  1/2-1/2

[Event "CECLUB Div1 Final Permanencia 2012"]
[Site "Don Benito ESP"]
[Date "2012.08.04"]
[Round "1.2"]
[White "Trepat Herranz,J"]
[Black "Mirzoev,A"]
[Result "0-1"]
[WhiteElo "2299"]
[BlackElo "2545"]

1.e4 e6 2.d4 d5 3.Nd2 a6 4.Bd3 c5 5.dxc5 Nf6 6.Ngf3 dxe4 7.Nxe4 Nxe4 8.Bxe4 Qxd1+
9.Kxd1 Bxc5 10.Ke2 Nd7 11.Be3 Bxe3 12.Kxe3 Nc5 13.Nd2 Nxe4 14.Nxe4 Ke7 15.f4 Bd7
16.Rhd1 Bc6 17.Rd2 Rac8 18.Rad1 Rc7 19.g3 h5 20.Nf2 f6 21.h4 a5 22.Nd3 Re8
23.c4 Kf7 24.b3 Kg6 25.Kf2 Kf5 26.Ne1 e5 27.fxe5 fxe5 28.Kg1 Kg4 29.Kh2 Rf7
30.Nd3 Rf3 31.Nf2+ Kf5 32.Nh3 e4 33.Ng5 Rd3 34.Rf2+ Kg6 35.Re1 e3 36.Rfe2 Kf5
37.Kh3 Bd7 38.g4+ Kg6 39.Rh1 Ra8  0-1

[Event "Olomouc Summer Open"]
[Site "Olomouc CZE"]
[Date "2012.08.04"]
[Round "3.6"]
[White "Bilguun,Sumiya"]
[Black "Garcia Roman,D"]
[Result "1/2-1/2"]
[WhiteElo "2177"]
[BlackElo "2386"]

1.e4 e6 2.d4 d5 3.Nd2 a6 4.Ngf3 Nf6 5.e5 Nfd7 6.Bd3 c5 7.c3 Nc6 8.O-O g5
9.dxc5 g4 10.Nd4 Ndxe5 11.Nxc6 bxc6 12.Nb3 Nxd3 13.Qxd3 e5 14.Re1 Bg7 15.Bf4 f6
16.Qd2 O-O 17.Bh6 Bxh6 18.Qxh6 Rb8 19.f4 gxf3 20.gxf3 Rf7 21.Kh1 Qf8 22.Rg1+ Kh8
23.Qh4 Bf5 24.Rg3 Rg7 25.Rxg7 Qxg7 26.Rg1 Qf7 27.Qa4 Bg6 28.Qxc6 e4 29.Qd6 Re8
30.Nd4 exf3 31.Nxf3 Be4 32.Qf4 Qe6 33.Rg3 Qc6 34.Qd6 Qxd6 35.cxd6 Rd8 36.Kg1 Rxd6
37.Nd4 f5 38.Kf2 Rh6 39.Kg1 f4 40.Rg4 Rf6 41.Kf2 a5 42.Ne2 Rb6 43.b3 Bb1
44.Rxf4 Bxa2 45.Ra4 Bxb3 46.Rxa5 Rf6+ 47.Kg3 Rg6+ 48.Kf2 Rf6+ 49.Kg3 Rc6
50.Kf2 Rf6+  1/2-1/2

[Event "Olomouc GM Valoz Cup"]
[Site "Olomouc CZE"]
[Date "2012.08.05"]
[Round "6.1"]
[White "Givon,A"]
[Black "Chernyshov,K"]
[Result "0-1"]
[WhiteElo "2340"]
[BlackElo "2534"]

1.e4 e6 2.d4 d5 3.Nd2 Be7 4.Ngf3 Nf6 5.e5 Nfd7 6.Bd3 c5 7.c3 Nc6 8.O-O a5
9.Re1 b6 10.Nf1 cxd4 11.cxd4 Ba6 12.Bb1 Rc8 13.Ng3 h5 14.Ne2 g5 15.h4 g4
16.Ng5 Bxe2 17.Qxe2 Nxd4 18.Qe3 Bxg5 19.hxg5 Nc2 20.Bxc2 Rxc2 21.g6 Kf8 22.Qd3 Rc8
23.gxf7 Kxf7 24.Bf4 Nc5 25.Qb5 Qd7 26.Qe2 Kg6 27.Rad1 Rcf8 28.Be3 Rf5 29.Bxc5 bxc5
30.Qa6 a4 31.Re4 Rhf8 32.Qxa4 Qf7 33.Re2 Rxf2 34.Qc2+ Rf5 35.Qxc5  0-1

[Event "2nd Riga Tech Open"]
[Site "Riga LAT"]
[Date "2012.08.06"]
[Round "1.5"]
[White "Fier,A"]
[Black "Bivol,A"]
[Result "1-0"]
[WhiteElo "2582"]
[BlackElo "2142"]

1.e4 e6 2.d4 d5 3.Nd2 a6 4.Ngf3 c5 5.c3 Nc6 6.Bd3 Nf6 7.e5 Nd7 8.O-O Be7
9.Re1 O-O 10.Nf1 f6 11.exf6 Nxf6 12.Ng3 Qb6 13.Ng5 cxd4 14.Qc2 dxc3 15.Bxh7+ Kh8
16.h3 Bc5 17.Be3 d4 18.Bf4 e5 19.Rxe5 Nxe5 20.Bxe5 Qxb2 21.Qg6 Qxa1+ 22.Kh2 Bg4
23.hxg4 Nxg4+ 24.Kh3 Nxe5 25.Qh5 Rf6 26.Bg6+ Kg8 27.Qh7+ Kf8 28.Qh8+ Ke7
29.Qxg7+ Nf7 30.Bxf7 Rxf7 31.Qxf7+ Kd6 32.Qxb7 c2 33.N3e4+ Ke5 34.Qc7+ Kf5
35.Qf7+  1-0

[Event "Miguel Najdorf Open A"]
[Site "Warsaw POL"]
[Date "2012.08.06"]
[Round "1.17"]
[White "Guerrero Rodriguez,Alej"]
[Black "Skawinski,A"]
[Result "0-1"]
[WhiteElo "2072"]
[BlackElo "2311"]

1.e4 e6 2.d4 d5 3.Nd2 Be7 4.Bd3 c5 5.c3 Nc6 6.Ngf3 Nf6 7.O-O dxe4 8.Nxe4 cxd4
9.cxd4 O-O 10.Ng3 Nb4 11.Bb1 b6 12.Ne5 Bb7 13.Nh5 Rc8 14.Bg5 Nxh5 15.Qxh5 Nc2
16.Bxe7 Qxe7 17.Bxc2 Rxc2 18.b3 Rfc8 19.Nc4 Ba6 20.Qd1 Rc3 21.Qd2 Qb4 22.Rfd1 Bxc4
23.bxc4 Qxc4 24.g3 Rc2 25.Qd3 Qd5 26.Qa3 a5 27.Rac1 g6 28.Rxc2 Rxc2 29.Qb3 Qxb3
30.axb3 Rc3 31.b4 a4 32.b5 a3 33.Rd2 Rb3 34.Ra2 Kf8 35.Kf1 Ke7 36.Ke1 Kd6
37.Kd1 Kd5 38.Kc2 Rb2+  0-1

[Event "81st ch-UKR 2012"]
[Site "Kiev UKR"]
[Date "2012.08.07"]
[Round "11.5"]
[White "Efimenko,Z"]
[Black "Vovk,Y"]
[Result "1/2-1/2"]
[WhiteElo "2689"]
[BlackElo "2562"]

1.e4 e6 2.d4 d5 3.Nd2 Be7 4.Bd3 c5 5.dxc5 Nf6 6.Qe2 O-O 7.Ngf3 a5 8.O-O Na6
9.e5 Nd7 10.c4 Naxc5 11.Bc2 b6 12.b3 Bb7 13.Bb2 Qc7 14.Rfe1 Rfd8 15.Nd4 Nf8
16.Qg4 Ng6 17.N2f3 dxc4 18.bxc4 Rac8 19.Re3 Bxf3 20.Nxf3 Nd7 21.Bb3 Nc5 22.Bd4 Nxb3
23.axb3 Bc5 24.Bxc5 Qxc5 25.h4 Ne7 26.Qe4 Nf5 27.Rd3 Ng3 28.Rxd8+ Rxd8 29.Qc2 Nf5
30.Rd1 Nd4 31.Qe4 Nxf3+ 32.Qxf3 Rxd1+ 33.Qxd1 h5 34.Qd8+ Kh7 35.Qd7 Kg6 36.Qd8 Kh7
37.Qd6 Kg6 38.Qd3+ Kh6 39.Qg3 g6 40.Qg5+ Kh7 41.Qf6 Kg8 42.Qd8+ Kg7 43.g3 Qb4
44.Qf6+ Kg8 45.Qd8+ Kg7 46.Qf6+ Kg8  1/2-1/2

[Event "16th HZ Open"]
[Site "Vlissingen NED"]
[Date "2012.08.08"]
[Round "6"]
[White "Mostertman,M"]
[Black "Van Eijk,S"]
[Result "0-1"]
[WhiteElo "2247"]
[BlackElo "2441"]

1.e4 e6 2.d4 d5 3.Nd2 Be7 4.Ngf3 Nf6 5.Bd3 c5 6.exd5 Qxd5 7.dxc5 Nbd7 8.Nb3 Nxc5
9.Nxc5 Qxc5 10.Qe2 O-O 11.Bg5 Bd7 12.Ne5 Be8 13.O-O Rd8 14.Rfe1 Nd5 15.Qe4 f5
16.Bxe7 Qxe7 17.Qf3 Qg5 18.Bc4 Bh5 19.Qb3 Nf4 20.Qg3 Qh6 21.Nd3 Ne2+ 22.Rxe2 Bxe2
23.Re1 f4 24.Qh3 Qxh3 25.gxh3 Bxd3 26.cxd3 Kh8 27.Rxe6 Rfe8 28.Rxe8+ Rxe8
29.Bd5 b6 30.Kg2 g5 31.Kf3 Kg7 32.h4 h6 33.hxg5 hxg5 34.h3 Kf6 35.Bc4 Rh8
36.Kg2 Ke5 37.b3 Kd4 38.a3 a5 39.b4 a4 40.Bb5 Ra8 41.Kf3 Kc3 42.Kg4 Kb3 43.Kxg5 Kxa3
44.Kxf4 Kxb4 45.Bc4 b5  0-1

[Event "Miguel Najdorf Open A"]
[Site "Warsaw POL"]
[Date "2012.08.08"]
[Round "3.3"]
[White "Gasik,An"]
[Black "Piorun,K"]
[Result "1/2-1/2"]
[WhiteElo "2217"]
[BlackElo "2499"]

1.e4 e6 2.d4 d5 3.Nd2 Nc6 4.Ngf3 Nf6 5.e5 Nd7 6.Bb5 a6 7.Bxc6 bxc6 8.Nb3 c5
9.Bg5 Be7 10.Na5 Nxe5 11.Nxe5 Bxg5 12.dxc5 O-O 13.O-O f6 14.Nec6 Qe8 15.Kh1 Bd7
16.Nd4 c6 17.f4 Bh6 18.Nb7 Qb8 19.Nd6 Qxb2 20.Rb1 Qc3 21.Rb7 Rad8 22.Rb3 Qxc5
23.Nb7 Qa7 24.Nxd8 Rxd8 25.f5 e5 26.Ne6 Bxe6 27.fxe6 Qe7 28.Qb1 Qxe6 29.Rb8 Re8
30.Qb6 e4 31.c4 Rxb8 32.Qxb8+ Kf7 33.Qc7+ Kg6 34.Qg3+ Kh5 35.cxd5 cxd5 36.Rd1 e3
37.Qf3+ Kg6 38.Rxd5 Bg5 39.Rd1 Qc4 40.g3 h5 41.h4  1/2-1/2

[Event "Miguel Najdorf Open A"]
[Site "Warsaw POL"]
[Date "2012.08.08"]
[Round "3.4"]
[White "Licznerski,L"]
[Black "Strzemiecki,Z"]
[Result "1-0"]
[WhiteElo "2282"]
[BlackElo "2434"]

1.e4 e6 2.d4 d5 3.Nd2 Be7 4.Bd3 c5 5.dxc5 Nf6 6.Qe2 Nc6 7.exd5 Qxd5 8.Ne4 Nxe4
9.Bxe4 Qxc5 10.Nf3 O-O 11.O-O Qh5 12.Rd1 Bf6 13.c3 a5 14.a4 g6 15.Qb5 e5
16.Be3 Bg7 17.h3 h6 18.Nd2 Qh4 19.Bc5 Rd8 20.Bf3 f5 21.Bb6 Rf8 22.Qc4+ Qxc4
23.Nxc4 e4 24.Be2 Kh7 25.Bc5 Re8 26.Nb6 Rb8 27.Bd6 Be6 28.Bxb8 Rxb8 29.Bc4 Bxc4
30.Nxc4 b5 31.axb5 Rxb5 32.Rd7 Rc5 33.Ne3 h5 34.Rd5 Rxd5 35.Nxd5 Kg8 36.Ra4 g5
37.b4 axb4 38.cxb4 Nd4 39.b5 Nxb5 40.Ne7+ Kf7 41.Nxf5 Bf6 42.Rb4 Nc7 43.Nd6+ Ke6
44.Nxe4 Nd5 45.Ra4 Be7 46.Ra6+ Ke5 47.Ng3 Nf4 48.h4 gxh4 49.Nxh5 Nd3 50.Ra5+ Bc5
51.Kf1 Kd4 52.Ke2 Kd5  1-0

[Event "TCh-ESP CECLUB 2a Gp2 2012"]
[Site "Burguillos ESP"]
[Date "2012.08.09"]
[Round "3.4"]
[White "Gomez Rebollo,A"]
[Black "Pallardo Lozoya,J"]
[Result "1-0"]
[WhiteElo "2168"]
[BlackElo "2359"]

1.e4 e6 2.d4 d5 3.Nd2 Be7 4.Bd3 Nf6 5.e5 Nfd7 6.Ne2 c5 7.c3 Nc6 8.O-O Qb6
9.Nf3 cxd4 10.cxd4 f5 11.exf6 Nxf6 12.Nf4 O-O 13.a3 Bd6 14.Re1 Re8 15.b4 Qc7
16.g3 a6 17.Ra2 Bd7 18.Bb1 Re7 19.Ng5 Nxd4 20.Qxd4 e5 21.Bxh7+ Kf8 22.Ng6+ Ke8
23.Qh4 Qc3 24.Rae2 Rc8 25.Nxe7 Kxe7 26.Bb2 Qb3 27.Bxe5 Bxe5 28.Rxe5+ Kd8
29.Ne6+ Bxe6 30.Rxe6 Rc4 31.Qh3 Kc7 32.R6e3 Qb2 33.Bd3 Rc6 34.Qf1 Kb8 35.b5 axb5
36.Bxb5 Rc5 37.a4 d4 38.Re7 Rf5 39.Bc6 bxc6 40.Rb1 Rxf2 41.Qd1 Ng8  1-0

[Event "II Brazil Maringa Open"]
[Site "Maringa BRA"]
[Date "2012.08.09"]
[Round "3.22"]
[White "Guimaraes,Artemis Pamela"]
[Black "Cruz,Will"]
[Result "1/2-1/2"]
[WhiteElo "1996"]
[BlackElo "2188"]

1.e4 e6 2.d4 d5 3.Nd2 Be7 4.Ngf3 Nf6 5.e5 Nfd7 6.Bd3 c5 7.c3 Nc6 8.O-O g5
9.dxc5 g4 10.Nd4 Ndxe5 11.Bb5 Bd7 12.N2b3 a5 13.a4 h5 14.Qe2 Rg8 15.Bxc6 Nxc6
16.f4 Nxd4 17.cxd4 f5 18.Bd2 Kf7 19.Bc3 Qc7 20.Qd2 Bd8 21.Rae1 h4 22.Qe3 Qc6
23.Nc1 Bf6 24.Nd3 Qa6  1/2-1/2

[Event "FSIMA August 2012"]
[Site "Budapest HUN"]
[Date "2012.08.10"]
[Round "7.4"]
[White "To,N"]
[Black "Galyas,M"]
[Result "1/2-1/2"]
[WhiteElo "2287"]
[BlackElo "2412"]

1.e4 e6 2.d4 d5 3.Nd2 Be7 4.Ngf3 Nf6 5.e5 Nfd7 6.Bd3 c5 7.c3 b6 8.Ne4 Ba6
9.Bg5 Bxg5 10.Nexg5 h6 11.Nh3 Bxd3 12.Qxd3 Nc6 13.Nf4 Qe7 14.O-O O-O  1/2-1/2

[Event "16th Izmailov Mem"]
[Site "Tomsk RUS"]
[Date "2012.08.10"]
[Round "4.26"]
[White "Yanuchenko,Polina"]
[Black "Baglaev,E"]
[Result "0-1"]
[WhiteElo "1856"]
[BlackElo "2088"]

1.e4 e6 2.d4 d5 3.Nd2 Be7 4.e5 c5 5.c3 Nc6 6.Qg4 Kf8 7.Ndf3 cxd4 8.Ne2 dxc3
9.bxc3 Qa5 10.Bd2 Qa3 11.Bc1 Qa5 12.Bd2 Qb6 13.Ned4 h5 14.Qf4 Qb2 15.Nb3 a5
16.Qe3 a4 17.Bc1 Qc2 18.Nbd2 Qg6 19.Bd3 Qh6 20.Qe2 g5 21.Nf1 Qg7 22.g3 g4
23.Nd4 Qxe5 24.Be3 Nf6 25.Rc1 Nxd4 26.cxd4 Qd6 27.Nd2 Bd7 28.Bf4 Qb6 29.Qe3 Rc8
30.Rb1 Qa5 31.O-O Bc6 32.Rfc1 Qd8 33.Bh6+ Ke8 34.Bf4 h4 35.gxh4 Rxh4 36.Bg3 Rh5
37.Bf1 Bd6 38.Bg2 Bxg3 39.fxg3 Rf5 40.Rf1 Rxf1+ 41.Rxf1 Bb5 42.Rb1 Ba6 43.Qa3 Qa5
44.Nb3 Rc3 45.Nxa5 Rxa3 46.Nxb7 Bxb7 47.Rxb7 Rxa2 48.Ra7 Ne4 49.Kf1 a3 50.Bxe4 dxe4
51.Ke1 Ra1+ 52.Kd2 a2 53.Kc2 Rh1 54.Rxa2 Rxh2+ 55.Kb3 Rxa2 56.Kxa2 e3  0-1

[Event "16th HZ Open"]
[Site "Vlissingen NED"]
[Date "2012.08.10"]
[Round "8"]
[White "Kok,I"]
[Black "Herbold,M"]
[Result "0-1"]
[WhiteElo "1989"]
[BlackElo "2126"]

1.e4 e6 2.d4 d5 3.Nd2 Nc6 4.Ngf3 Nf6 5.e5 Nd7 6.c3 f6 7.Bb5 fxe5 8.Bxc6 bxc6
9.Nxe5 Nxe5 10.dxe5 Qg5 11.Nf3 Qxg2 12.Rg1 Qh3 13.Be3 c5 14.Rg3 Qf5 15.Qa4+ Bd7
16.Qa5 Qd3 17.Rd1 Qb5 18.Qxc7 Qxb2 19.Nd2 Qb6 20.Qxb6 axb6 21.Ra1 g6 22.Rb1 b5
23.Nb3 Rc8 24.f4 Be7 25.Rh3 O-O 26.Ke2 Rc7 27.Rb2 Ra8 28.Bg1 Ra4 29.Rf3 b4
30.Kd2 bxc3+ 31.Kxc3 Ra3 32.Kc2 Ba4 33.Kb1 Kf7 34.Rc3 c4 35.Bd4 Bb4 36.Rc1 Ke8
37.Na1 Be7 38.Rb6 Kd7 39.Rc3 Rxc3 40.Bxc3 Bc5  0-1

[Event "2nd Split Open 2012"]
[Site "Split CRO"]
[Date "2012.08.12"]
[Round "2.49"]
[White "Podoba,M"]
[Black "Prosen,J"]
[Result "1-0"]
[WhiteElo "2145"]
[BlackElo "1929"]

1.e4 e6 2.d4 d5 3.Nd2 Nc6 4.c3 dxe4 5.Nxe4 Nf6 6.Bd3 Qd5 7.Nxf6+ gxf6 8.Qf3 Qxf3
9.Nxf3 Bd7 10.Bf4 O-O-O 11.O-O-O Ne7 12.Nd2 Nd5 13.Bg3 h5 14.Bh4 Bh6 15.g3 Bc6
16.Rhe1 a5 17.f4 a4 18.a3 Bxf4 19.gxf4 Nxf4 20.Be4 Bxe4 21.Rxe4 Nd3+ 22.Kc2 f5
23.Re3 Nb4+  1-0

[Event "Miguel Najdorf Open A"]
[Site "Warsaw POL"]
[Date "2012.08.12"]
[Round "7.6"]
[White "Tscharotschkin,M"]
[Black "Strzemiecki,Z"]
[Result "0-1"]
[WhiteElo "2204"]
[BlackElo "2434"]

1.e4 e6 2.d4 d5 3.Nd2 Be7 4.Ngf3 Nf6 5.Bd3 c5 6.dxc5 dxe4 7.Nxe4 Nxe4 8.Bxe4 Qxd1+
9.Kxd1 Bxc5 10.Ke2 Nd7 11.Rd1 Nf6 12.Bg5 h6 13.Bxf6 gxf6 14.Nd4 f5 15.Bf3 Ke7
16.Rd2 a6 17.Rad1 Bb6 18.Nb3 Rb8 19.c4 Rd8 20.c5 Rxd2+ 21.Rxd2 Bc7 22.g3 e5
23.Bd5 Be6 24.Bxe6 Kxe6 25.Kd3 Rd8+ 26.Kc4 Rxd2 27.Nxd2 e4 28.b4 Ke5 29.a4 f4
30.gxf4+ Kxf4 31.Kd5 f5 32.Ke6 e3 33.fxe3+ Kxe3 34.Nc4+ Kd3 35.Nd6 f4 36.Kf5 f3
37.Ne4 Bxh2 38.b5 axb5 39.axb5 Ke3 40.c6 b6 41.Nf6 h5  0-1

[Event "16th Izmailov Mem"]
[Site "Tomsk RUS"]
[Date "2012.08.13"]
[Round "7.2"]
[White "Timofeev,Arty"]
[Black "Pakhomov,E"]
[Result "1/2-1/2"]
[WhiteElo "2639"]
[BlackElo "2417"]

1.e4 e6 2.d4 d5 3.Nd2 a6 4.Ngf3 c5 5.dxc5 Bxc5 6.Bd3 Nf6 7.Qe2 Nc6 8.a3 Ba7
9.O-O O-O 10.c3 h6 11.Bc2 Qc7 12.g3 Re8 13.Kg2 e5 14.exd5 Nxd5 15.Qd3 Nf6
16.Ne4 Nxe4 17.Qxe4 f5 18.Bb3+ Be6 19.Bxe6+ Rxe6 20.Qc4 Qf7 21.Be3 e4 22.Nd4 Bxd4
23.cxd4 Rd6 24.Qxf7+ Kxf7 25.f3 exf3+ 26.Rxf3 Kg6 27.Rc1 Re8 28.Bf2 Nxd4
29.Rd3 Nb5 30.Rxd6+ Nxd6 31.Kf3 Nf7 32.Rc2 Ne5+ 33.Kg2 Rd8 34.h3 Rd3 35.Be1 Re3
36.Kf2 Re4 37.Rd2 f4 38.Rd6+ Kg5 39.Bd2 Nc4 40.Bxf4+ Kf5 41.Rd7 Nxb2 42.Rf7+ Kg6
43.Rxb7 Nd3+ 44.Kf3 Re6 45.Be3 Ne1+ 46.Kf2 Nd3+ 47.Kf3 Ne1+ 48.Kf2 Nd3+ 49.Ke2 Nc5
50.Ra7 h5 51.Kf3 Nd3 52.Bd4 Ne5+ 53.Ke4 Nc6+ 54.Kd5 Nxd4 55.Kxd4 Kh6 56.Rb7 Rd6+
57.Kc4 Rc6+ 58.Kd4 Rd6+ 59.Kc4 Rc6+ 60.Kd4 Rd6+ 61.Ke4  1/2-1/2

[Event "Miguel Najdorf Open A"]
[Site "Warsaw POL"]
[Date "2012.08.14"]
[Round "9.7"]
[White "Deszczynski,A"]
[Black "Skawinski,A"]
[Result "1/2-1/2"]
[WhiteElo "2365"]
[BlackElo "2311"]

1.e4 e6 2.d4 d5 3.Nd2 Nc6 4.Ngf3 Nf6 5.e5 Nd7 6.Bb5 a6 7.Bxc6 bxc6 8.O-O a5
9.Re1 c5 10.Nf1 Be7 11.Ng3 O-O 12.Nh5 Ra6 13.Bf4 f6 14.exf6 Nxf6 15.Nxf6+ gxf6
16.c3 Kh8 17.Rc1 Rb6 18.Qc2 Qd7 19.Re3 Rc6 20.Rce1 Rb6 21.Nh4 Rg8 22.Nf3 Rg6
23.Bg3 Qb5 24.b3 Qd7 25.Rd1 cxd4 26.cxd4 c6 27.Ne1 Rb4 28.Rc3 Bb7 29.Nf3 Rb5
30.a4 Rb6 31.Qe2 Bf8 32.h3 Bc8 33.Rdc1 Ba3 34.Rd1 Qb7 35.Qc2 Bd7 36.Kh2 Bf8
37.Ne1 Rb4 38.Nf3 Be7 39.Bh4 Bd6+ 40.Bg3 Bxg3+ 41.fxg3 Qb8 42.Qf2 Kg7 43.Qe1 Kf7
44.Rdd3 Ke7 45.Rc5 Qc7 46.Nh4 Rg5 47.Nf3 Rg7 48.Nh4 Rg5 49.Nf3 Rg8 50.Qf2 Rgb8
51.Nd2 Rf8 52.Qe3 Rf7 53.Kh1 Kd8 54.g4 Re7 55.Qh6 e5 56.Qxf6 e4 57.Re3 Be8
58.Nf1 Kd7 59.Rec3 Qd6 60.Qxd6+ Kxd6 61.Ne3 Bd7 62.Nc2 Rb8 63.Rxa5 Be8 64.Kg1 Reb7
65.b4 Rxb4 66.Nxb4 Rxb4 67.Ra8 Bd7 68.Ra3 Rxd4 69.a5 e3 70.Rxe3 Ra4 71.Rf3 d4
72.Rf7 Be6 73.Rxh7 Bd5 74.Kf2 Ra2+ 75.Ke1 d3 76.Rd8+ Kc5 77.Rh5 Kc4 78.Rhxd5 cxd5
79.Rc8+ Kd4 80.Kd1 Rxg2 81.a6 Ra2 82.Rc6 Ra1+ 83.Kd2 Ra2+ 84.Kd1  1/2-1/2

[Event "2nd Metropolitan International"]
[Site "Los Angeles USA"]
[Date "2012.08.16"]
[Round "4"]
[White "Peters,Ja"]
[Black "Yang,Dar"]
[Result "0-1"]
[WhiteElo "2355"]
[BlackElo "2486"]

1.e4 e6 2.d4 d5 3.Nd2 Be7 4.Ngf3 Nf6 5.e5 Nfd7 6.Bd3 c5 7.c3 Nc6 8.O-O g5
9.Bb5 g4 10.Ne1 cxd4 11.cxd4 Nxd4 12.Bxd7+ Bxd7 13.Qxg4 Nf5 14.Nef3 h5 15.Qf4 Rg8
16.h3 d4 17.Ne4 Bc6 18.Nfg5 Qd5 19.f3 O-O-O 20.Rd1 h4 21.Nxf7 Rdf8 22.Nh6 Nxh6
23.Qxh6 Rxf3 24.Bg5 Bxg5 25.Nxg5 Rg3 26.Qxe6+ Qxe6 27.Nxe6 Rxg2+ 28.Kf1 Bb5+
29.Ke1 Re2+ 30.Kf1 Rxb2+ 31.Ke1 Rg1+  0-1

[Event "TATA 14th IBCA Olympiad"]
[Site "Chennai IND"]
[Date "2012.08.17"]
[Round "7.4"]
[White "Yatsishin,I"]
[Black "Fernandez Manrique,A"]
[Result "1-0"]
[WhiteElo "2137"]
[BlackElo "2170"]

1.e4 e6 2.d4 d5 3.Nd2 Nc6 4.Ngf3 Nf6 5.e5 Nd7 6.c3 f6 7.Bb5 fxe5 8.dxe5 Be7
9.O-O O-O 10.Re1 Ncb8 11.Nd4 Nb6 12.Bd3 Qe8 13.Qg4 Qf7 14.N2f3 Bd7 15.Bg5 Bxg5
16.Bxh7+ Kh8 17.Nxg5 Qxf2+ 18.Kh1 Rf4 19.Qh5 Qh4 20.Nf7+  1-0

[Event "EY Boys U16 2012"]
[Site "Prague CZE"]
[Date "2012.08.17"]
[Round "1.9"]
[White "Beradze,I"]
[Black "Krasovskiy,Kirill"]
[Result "1-0"]
[WhiteElo "2331"]
[BlackElo "2024"]

1.e4 e6 2.d4 d5 3.Nd2 Nc6 4.Ngf3 Nf6 5.e5 Nd7 6.c3 f6 7.Bb5 a6 8.Bxc6 bxc6
9.O-O fxe5 10.dxe5 c5 11.c4 c6 12.Re1 Be7 13.Qa4 Qb6 14.Nb3 O-O 15.Bd2 Nb8
16.Rac1 Bd7 17.Qa5 Qxa5 18.Bxa5 Rc8 19.Bb6 Be8 20.Bxc5 Kf7 21.Bd6 Nd7 22.c5 Bxd6
23.cxd6 h6 24.Nc5 Nxc5 25.Rxc5 Rcb8 26.b3 Rb4 27.Rd1 a5 28.Nd4 Ra6 29.a3 Rbb6
30.f4 Bd7 31.Re1 g6 32.g4 Rb8 33.f5 gxf5 34.gxf5 Rc8 35.fxe6+  1-0

[Event "LBV Open A 2012"]
[Site "Roosendaal NED"]
[Date "2012.08.17"]
[Round "3.26"]
[White "Senders,Mischa"]
[Black "De Roode,P"]
[Result "0-1"]
[WhiteElo "1936"]
[BlackElo "2242"]

1.e4 e6 2.d4 d5 3.Nd2 Nc6 4.c3 e5 5.exd5 Qxd5 6.dxe5 Nxe5 7.Qe2 Qe6 8.Ne4 f5
9.Ng3 Nd3+ 10.Kd2 Qxe2+ 11.Kxe2 Nxc1+ 12.Rxc1 Nf6 13.Kd2 Be6 14.Re1 O-O-O+
15.Kc2 Bd5 16.f3 g6 17.N1e2 Bh6 18.Nc1 c5 19.Nd3 Bxa2 20.Ra1 Bc4 21.Rxa7 Nd5
22.Ra8+ Kc7 23.Rxd8 Rxd8 24.Nf2 Ne3+ 25.Kb1 Bb3  0-1

[Event "2nd Metropolitan International"]
[Site "Los Angeles USA"]
[Date "2012.08.18"]
[Round "8"]
[White "He,To"]
[Black "Ishhanov,T"]
[Result "1-0"]
[WhiteElo "1982"]
[BlackElo "2324"]

1.e4 e6 2.d4 d5 3.Nd2 Be7 4.Ngf3 Nf6 5.Bd3 c5 6.exd5 Nxd5 7.dxc5 Nd7 8.Ne4 Nxc5
9.Nxc5 Qa5+ 10.c3 Qxc5 11.O-O O-O 12.c4 Nb4 13.Be2 Qc7 14.a3 Nc6 15.b4 e5
16.Bb2 e4 17.Nd2 f5 18.c5 Be6 19.Bc4 Bxc4 20.Nxc4 Rad8 21.Qb3 Rd3 22.Qa2 Kh8
23.Ne3 Qd7 24.Rad1 f4 25.Rxd3 Qxd3 26.Rd1 fxe3 27.Rxd3 exd3 28.fxe3 d2 29.Bxg7+ Kxg7
30.Qxd2 Rd8 31.Qc2 Bg5 32.Qc3+ Bf6 33.Qc2 a6 34.Kf2 Re8 35.Qc4 Ne5 36.Qd5 Re7
37.h3 h6 38.a4 Bh4+ 39.Ke2 Bg5 40.b5 axb5 41.axb5 Ng6 42.Qd4+ Bf6 43.Qd6 Be5
44.Qd5 Bf4 45.Qd4+ Kf7 46.e4 Be5 47.Qc4+ Kf6 48.c6 Nf4+ 49.Kf3 Ne6 50.Kf2 Rc7
51.Qc1 Ng5 52.h4 Nf7 53.g4 Kg7 54.Kg2 Rc8 55.Qc4 bxc6 56.Qe6 Rd8 57.bxc6 Rd2+
58.Kf3 Rd3+ 59.Ke2 Rd6 60.Qc4 Rd4 61.Qc2 Rd8 62.Qc5 Kf6 63.g5+ hxg5 64.hxg5+ Nxg5
65.c7 Bxc7 66.Qf5+ Ke7 67.Qxg5+ Kd7 68.Qf5+ Ke7 69.Qh7+ Kd6 70.e5+ Kc6 71.e6 Bd6
72.Ke3 Bc5+ 73.Ke4 Rd1 74.Qh3 Kd6 75.Kf5 Rd4 76.Qg3+ Kc6 77.Qf3+ Kb6 78.Qa8 Rd1
79.Qg2 Re1 80.Kf6 Re3 81.Kf7 Re1 82.Qd5 Rf1+ 83.Ke8 Re1 84.Kd7 Kb5 85.Qd3+ Kb6
86.Qb3+ Ka6 87.Kc6  1-0

[Event "LBV Open A 2012"]
[Site "Roosendaal NED"]
[Date "2012.08.18"]
[Round "4.10"]
[White "Kasparov,S"]
[Black "De Roode,P"]
[Result "1-0"]
[WhiteElo "2490"]
[BlackElo "2242"]

1.e4 e6 2.d4 d5 3.Nd2 Nc6 4.Ngf3 Nf6 5.e5 Nd7 6.Nb3 a5 7.a4 Be7 8.Bb5 Na7
9.Be2 b6 10.Be3 c5 11.c3 Nc6 12.O-O O-O 13.Bb5 Bb7 14.Ne1 cxd4 15.cxd4 Nb4
16.Nd3 Ba6 17.Bxa6 Rxa6 18.Nxb4 axb4 19.Qd3 Nb8 20.Qb5 Qe8 21.Rfc1 Qxb5 22.axb5 Rxa1
23.Rxa1 Rc8 24.Kf1 Kf8 25.Ke1 Ke8 26.Kd1 Rc7 27.Ra8 Rc8 28.Nc1 Kd8 29.b3 Nd7
30.Ra2 Kc7 31.Ra7+ Kd8 32.Bd2 Rc7 33.Ra8+ Rc8 34.Ra2 Kc7 35.Ra7+ Kd8 36.Nd3 Rc7
37.Ra2 Kc8 38.Ra8+ Kb7 39.Rg8 Bf8 40.Bxb4 Rc8 41.Bxf8 Nxf8 42.Rxg7 Rc7 43.Kd2 h6  1-0

[Event "e2e4 Gatwick Masters A 2012"]
[Site "Crawley ENG"]
[Date "2012.08.19"]
[Round "2.1"]
[White "White,Mi"]
[Black "Eggleston,D"]
[Result "1/2-1/2"]
[WhiteElo "2346"]
[BlackElo "2364"]

1.e4 e6 2.d4 d5 3.Nd2 Be7 4.Ngf3 Nf6 5.Bd3 c5 6.c3 cxd4 7.cxd4 dxe4 8.Nxe4 Nc6
9.O-O O-O 10.Be3 Nb4 11.Nxf6+ Bxf6 12.Be4 Nd5 13.Qd3 g6 14.Bh6 Re8 15.Ne5 b6
16.Qf3 Bxe5 17.dxe5 Qh4 18.Bd2 Bb7 19.g3 Qh3 20.Qe2 Rac8 21.Rac1 Rb8 22.Rc2 Ne7
23.f3 Qh5 24.Bf4 Bxe4 25.g4 Qh3 26.fxe4 Rbc8 27.Rd2 Nc6 28.Rd3 Qh4 29.g5 Red8
30.Rd6 Rxd6 31.exd6 e5 32.Bg3 Qh3 33.Qc4 Qd7 34.Qd5 Re8 35.Rc1 Rc8 36.Bxe5 Nxe5
37.Rxc8+ Qxc8 38.Qxe5 Qc1+ 39.Kg2 Qd2+ 40.Kh3 Qe3+ 41.Kg4 Qe2+ 42.Kh4 Qe1+
43.Kh3 Qe3+ 44.Qg3 Qxe4 45.d7 Qf5+ 46.Qg4 Qf1+ 47.Kg3 Qg1+ 48.Kf3 Qd1+ 49.Kf4 Qd4+
50.Kg3 Qg1+ 51.Kh3 Qf1+ 52.Kh4 Qf2+ 53.Qg3 Qd4+  1/2-1/2

[Event "ZMDI Open A 2012"]
[Site "Dresden GER"]
[Date "2012.08.19"]
[Round "2"]
[White "Brinck Claussen,B"]
[Black "Urban,L"]
[Result "0-1"]
[WhiteElo "2286"]
[BlackElo "2039"]

1.e4 e6 2.d4 d5 3.Nd2 Be7 4.Bd3 c5 5.dxc5 Nf6 6.Qe2 Nc6 7.Ngf3 Nb4 8.e5 Nd7
9.Nb3 Nxd3+ 10.Qxd3 Nxc5 11.Nxc5 Qa5+ 12.c3 Qxc5 13.O-O Bd7 14.Nd4 O-O 15.Qg3 f6
16.exf6 Bxf6 17.Bf4 Qb6 18.Be5 Rae8 19.b3 Kh8 20.Rfe1 Rf7 21.Re3 Qd8 22.Rae1 Bh4  0-1